Properzio : il libro terzo delle elegie /
Guardado en:
| Autor Principal: | |
|---|---|
| Otros Autores: | |
| Formato: | Libro |
| Publicado: |
Bari :
Adratica,
1985
|
| Series: | Studi E Commenti ; 3
|
| Materias: | |
| Etiquetas: |
Agregar Etiqueta
Sin Etiquetas, Sea el primero en etiquetar este registro!
|
| LEADER | 00596nam a22001935a 4500 | ||
|---|---|---|---|
| 001 | EHU.bham024247 | ||
| 003 | AR-BHAM | ||
| 005 | 20071121155856.0 | ||
| 008 | 130507s1985##################000#0#####d | ||
| 082 | 8 | 7 | |a 874.07 |
| 100 | 1 | |a Fedeli, Paolo | |
| 245 | 1 | 0 | |a Properzio : |b il libro terzo delle elegie / |c Paolo Fedeli , Sexto A. Propercio , |
| 260 | |a Bari : |b Adratica, |c 1985 | ||
| 300 | |a 787 p. | ||
| 490 | 0 | |a Studi E Commenti ; 3 | |
| 653 | |a Literatura latina | ||
| 653 | |a Literatura latina-estudio | ||
| 700 | 1 | |a Propercio, Sexto A. | |
| 859 | |a AR-BHAM |b BIB. HUMANIDADES - General |h 874.07 |i F316 |p 214.97 |t Ej.1 | ||
